Responses for show #2407 - Tuesday, February 7, 1995

1995 Teen Tournament quarterfinal game 2.

Contestants

Shannon Shelton, a senior from Detroit, Michigan

Mathew Sandler, a junior from Smithtown, New York

Susannah Batko-Yovino, a junior from Altoona, Pennsylvania

Jeopardy! Round responses

1994
COMIC BOOKS
SAINTS
THE UNITED NATIONS
FRUITS & VEGETABLES
7-LETTER WORDS
    $100 3
Barney

Susannah
    $100 26
(Mathew: What is X-Men?)

the Fantastic Four

Mathew
Triple Stumper
    $100 1
the dragon

Susannah
    $100 11
Yasser Arafat

Mathew
    $100 19
(Susannah: What are Queen Anne cherries?)

maraschino cherries

Susannah
Triple Stumper
    $100 12
a fiancee

Mathew
    $200 7
(Mathew: What is Jamaica?)
(Shannon: What is South Africa?)

Hong Kong

MathewShannon
Triple Stumper
    $200 27
Wonder Woman

Triple Stumper
    $200 2
(St.) Thomas

Shannon
    $200 15
Boutros Boutros-Ghali

Susannah
    $200 20
the kumquat

Susannah
    $200 13
harvest

Mathew
    $300 8
Secretary of Agriculture

Susannah
    $800 28
Archie (Andrews)

Susannah
    $300 4
hymns

Susannah
    $300 16
Gandhi

Susannah
    $300 23
a kiwi

Shannon
    $300 14
(Susannah: What is a spa?)

Jacuzzi

SusannahShannon
    $400 9
the Baltic Sea

Susannah
    $400 29
Leonard Nimoy

Mathew
    $400 5
Damascus

Susannah
    $400 17
UNICEF

Mathew
    $400 24
a pepper

Mathew
    $400 21
tapioca

Susannah
    $500 10
Aldrich Ames

Susannah
    $500 30
Bruce Lee

Susannah
    $500 6
Avignon

Susannah
    $500 18
the Falklands

Shannon
    $500 25
a pear

Susannah
    $500 22
quantum

Susannah

Scores at the first commercial break (after clue 15):

Susannah Mathew Shannon
$2,500 $200 $300

Scores at the end of the Jeopardy! Round:

Susannah Mathew Shannon
$5,600 $1,300 $1,100

Double Jeopardy! Round responses

HISTORY
TRAVEL & TOURISM
THEATRE
THE ELEMENTS
POLITICIANS
FIRST LINES
    $200 1
Mary Queen of Scots

Susannah
    $200 16
Salem

Shannon
    $200 18
[The first "The" was not included in the correct response.]

The Phantom of the Opera

Mathew
    $200 4
mercury

Mathew
    $200 11
Bob Dole

Mathew
    $200 22
Don Quixote

Mathew
    $400 2
the Spanish Armada

Susannah
    $400 17
(Norman) Rockwell

Susannah
    $400 27
Driving Miss Daisy

Susannah
    $400 5
red

Mathew
    $2,500 12
Hawaii

Mathew
    $400 23
A Christmas Carol

Susannah
    $600 3
Aztecs

Mathew
    $600 19
Black Forest

Mathew
    $600 28
Neil Simon

Shannon
    $600 6
aluminum

Susannah
    $600 13
Mario Cuomo

Mathew
    $600 24
Around the World in Eighty Days

Mathew
    $800 7
Genghis Khan

Susannah
    $800 20
Athens

Susannah
    $800 29
Arthur Miller

Shannon
    $800 9
titanium

Susannah
    $800 14
George Bush

Mathew
    $800 25
[The first "The" was not included in the correct response.]

The House of the Seven Gables

Susannah
    $1000 8
the Medici

Mathew
    $1000 21
Wichita

Mathew
    $1000 30
(Henrik) Ibsen

Mathew
    $1000 10
Mendeleev

Susannah
    $1000 15
Utah

Shannon
    $900 26
(Susannah: Uh, what is The Wind in the Willows?)

Animal Farm

Susannah

Scores at the end of the Double Jeopardy! Round:

Susannah Mathew Shannon
$11,300 $11,200 $3,700

Final Jeopardy! Round responses

THE OLYMPICS
ShannonWhat is Seoul?
$3,700
MathewWhat is Seoul?
$11,200
SusannahWhat is Seoul?
$2,300
Seoul

Final scores:

Susannah Mathew Shannon
$13,600 $22,400 $7,400
2nd place: $1,000 if eliminated Automatic semifinalist 3rd place: $1,000 if eliminated

Game dynamics:

Coryat scores:

Susannah Mathew Shannon
$11,700 $9,100 $3,700
27 R
(including 1 DD),
3 W
(including 1 DD)
20 R
(including 1 DD),
2 W
8 R,
1 W

Combined Coryat: $24,500

The J! Archive is created by fans, for fans. The Jeopardy! game show and all elements thereof, including but not limited to copyright and trademark thereto, are the property of Jeopardy Productions, Inc. and are protected under law. This website is not affiliated with, sponsored by, or operated by Jeopardy Productions, Inc. Join the discussion at JBoard.tv.